Problém: generácia

Bibliographic Details
Main Author: Urban, Jozef (Author)
Format: Article
Language:Slovak
Subjects:

MARC

LEADER 00000nab a2200000 a 4500
001 vtls000449511
003 SK-MaSNL
005 20260303220216.0
008 230313c1992 xo 0 slo
015 |a SNBRB19rr/mm-uuuuu 
035 |a CL0449642 
035 |a urn:nbn:sk:snk-abbmnc 
035 |a (urnnbn)urn:nbn:sk:snk:ar-0033am 
035 |a (uuid)34229589-c1f1-49b3-b815-fae445f0f841 
040 |a SNKBUCL  |b slo  |c SNKBUCL  |e AACR2 
041 0 |a slo 
044 |a xo  |c SK 
080 |a 82.09:885.4-1  |2 1981 
080 |a 885.4-1  |2 1981 
080 |a 885.4-1.09  |2 1981 
100 1 |a Urban, Jozef  |4 aut  |9 333447 
245 1 0 |a Problém: generácia  |c Jozef Urban 
650 0 7 |a slovenská poézia  |2 snkbucl  |9 215422 
655 7 |a články z novín a časopisov  |2 snkbucl  |9 267496 
655 7 |a články z odboru literárna veda a krásna literatúra  |2 snkbucl  |9 770045 
773 0 |t Dotyky  |g Roč. 4, č. 2 (1992), s. 32 
850 |a Slovenská národná knižnica v Martine  |a MTA001 
852 |a SNK  |b KIS3GCP 
958 |a RK 
958 |a LX 
958 |a OND 
958 |a EUIPO 
958 |a article15 
992 |a RBX 
999 |c 2225713  |d 2227643